[Event "Campeonato de Aragon por Equipos 2009"]
[Site "Aragon"]
[Date "2009.03.07"]
[Round "6.55"]
[White "Garcia Andres Daniel"]
[Black "Gayan Carceller Miguel Angel"]
[Result "1-0"]
[WhiteElo "2039"]
[BlackElo "1888"]

1.e4 c6 2.d4 d5 3.exd5 cxd5 4.c4 e6 5.Nc3 Nf6 6.cxd5 Nxd5 7.Nf3 Be7 8.Bd3 Nd7
9.Nxd5 exd5 10.O-O O-O 11.Qc2 Nf6 12.Bg5 h6 13.Bh4 Be6 14.Rac1 Rc8 15.Qb3 Rxc1
16.Rxc1 Ne4 17.Bxe7 Qxe7 18.Re1 Rc8 19.Qa4 Bg4 20.Ne5 Qg5 21.Nxg4 Qxg4 22.f3
Qh4 23.g3 Qg5 24.fxe4 Qd2 25.Qd1 Qxb2 26.Bb1 dxe4 27.Rxe4 g6 28.Re2 Qa3 29.Qd2
Qc1+ 30.Qe1 Kg7 31.Kg2 Qg5 32.Qd2 Qb5 33.Qb2 Qd7 34.Be4 b6 35.d5+ Kg8 36.Qd2
Kh7 37.Qe3 Qa4 38.Qf3 Kg7 39.Rf2 Rc7 40.d6 Rc8 1-0

[Event "Campeonato de Aragon por Equipos 2009"]
[Site "Aragon"]
[Date "2009.03.07"]
[Round "6.56"]
[White "Palazuelos Serrano Jose Luis"]
[Black "Diaz Gordo Enrique"]
[Result "1-0"]
[WhiteElo "1879"]
[BlackElo "1590"]

1.d4 Nf6 2.Nf3 g6 3.c4 Bg7 4.Nc3 O-O 5.Bg5 d6 6.e3 Nbd7 7.Be2 e5 8.Qc2 exd4 9.
Nxd4 Ne5 10.O-O Bd7 11.Rac1 Re8 12.b3 h6 13.Bh4 Nc6 14.Bf3 Bf5 15.Nxf5 Nb4 16.
Qb1 gxf5 17.Qxf5 Re5 18.Qb1 c6 19.Rfd1 Ra5 20.Rd2 Qd7 21.Bg3 d5 22.cxd5 Nbxd5
23.Nxd5 Nxd5 24.e4 1-0

[Event "Campeonato de Aragon por Equipos 2009"]
[Site "Aragon"]
[Date "2009.03.07"]
[Round "6.57"]
[White "Sicilia Ruiz Manuel"]
[Black "Lopez Gracia Fernando"]
[Result "1-0"]
[WhiteElo "2153"]
[BlackElo "2297"]

1.d4 d5 2.Nf3 c6 3.e3 Bg4 4.c4 e6 5.Qb3 Qb6 6.c5 Qc7 7.Ne5 Bf5 8.f4 f6 9.Nf3
Nh6 10.Nc3 Be7 11.Be2 Nd7 12.Bd2 e5 13.O-O exf4 14.exf4 O-O 15.Rae1 Rfe8 16.
Qd1 b6 17.b4 a5 18.cxb6 Nxb6 19.bxa5 Rxa5 20.Nh4 Raa8 21.g4 Be4 22.Nxe4 dxe4
23.g5 fxg5 24.fxg5 Qd8 25.Qb3+ Nd5 26.Qg3 Ra3 27.Qg2 Nf7 28.g6 hxg6 29.Qxg6
Bf6 30.Nf5 Re6 31.Kh1 Qe8 32.Bg4 Rxa2 33.Nxg7 Bxg7 34.Bxe6 1-0

[Event "Campeonato de Aragon por Equipos 2009"]
[Site "Aragon"]
[Date "2009.03.07"]
[Round "6.58"]
[White "Gimenez Martinez Alberto"]
[Black "Carruez Berges Santiago"]
[Result "1-0"]
[WhiteElo "2090"]
[BlackElo "2124"]

1.e4 g6 2.d4 Bg7 3.Nc3 c6 4.Be3 d5 5.e5 Nh6 6.f4 Qb6 7.Rb1 Bg4 8.Qd2 Be6 9.Nf3
Nd7 10.h3 Nf5 11.Bf2 h5 12.Bd3 f6 13.Rg1 O-O-O 14.b4 Kb8 15.b5 fxe5 16.bxc6
Qxc6 17.dxe5 Nc5 18.Nb5 Nxd3+ 19.cxd3 d4 20.Nfxd4 Nxd4 21.Nxd4 Rxd4 22.Bxd4
Rd8 23.Bxa7+ 1-0

[Event "Campeonato de Aragon por Equipos 2009"]
[Site "Aragon"]
[Date "2009.03.07"]
[Round "6.59"]
[White "Fernandez Urrutia Gallo Carlos"]
[Black "Arregui Untoria Carlos"]
[Result "0-1"]
[WhiteElo "1998"]
[BlackElo "2003"]

1.d4 Nf6 2.c4 e6 3.Nf3 Bb4+ 4.Bd2 Qe7 5.e3 O-O 6.Bd3 Bxd2+ 7.Qxd2 d6 8.O-O e5
9.Qc2 e4 10.Be2 exf3 11.Bxf3 Nc6 12.h3 Nd8 13.Nc3 Ne6 14.h4 g6 15.g3 Rb8 16.b4
c6 17.a4 Nd8 18.Rfe1 Bg4 19.Bg2 Qd7 20.b5 Bh3 21.Bh1 d5 22.cxd5 cxd5 23.Qb3
Be6 24.Rac1 b6 25.Na2 Nb7 26.Nb4 Na5 27.Qa2 Rfc8 28.Bf3 Rxc1 29.Rxc1 Qd6 30.
Nc6 Rc8 31.Qc2 Bd7 32.e4 Nxc6 33.bxc6 Qxc6 34.Qxc6 Rxc6 0-1

[Event "Campeonato de Aragon por Equipos 2009"]
[Site "Aragon"]
[Date "2009.03.07"]
[Round "6.60"]
[White "Cebollada Pacheco Jesus Raul"]
[Black "Larrosa Moles Marcos"]
[Result "0-1"]
[WhiteElo "1992"]
[BlackElo "1873"]

1.e4 c5 2.Nf3 e6 3.d4 cxd4 4.Nxd4 Qb6 5.Nb3 Qc7 6.Bd3 Nc6 7.O-O Nf6 8.Nc3 a6
9.f4 d6 10.Be3 b5 11.Qf3 Bb7 12.a4 b4 13.Ne2 Be7 14.a5 O-O 15.Qh3 e5 16.f5 Nb8
17.Bb6 Qc8 18.Ng3 Nbd7 19.Be3 Nc5 20.Bxc5 dxc5 21.Nd2 Rd8 22.Nc4 Qc7 23.b3 Re8
24.Nh5 Rad8 25.Rf3 Qd7 26.Nxf6+ Bxf6 27.Re1 Qd4+ 28.Kh1 Bxe4 29.Rfe3 Bxd3 30.
Rxd3 Qf2 31.Red1 e4 32.Rxd8 Rxd8 33.Rxd8+ Bxd8 34.Qe3 Qf1+ 35.Qg1 Qxf5 36.Qd1
Bc7 37.Kg1 h6 38.g3 Be5 39.Nxe5 Qxe5 40.Qd8+ Kh7 41.Qb6 e3 42.Qxa6 e2 43.Qd3+
g6 0-1

[Event "Campeonato de Aragon por Equipos 2009"]
[Site "Aragon"]
[Date "2009.03.07"]
[Round "6.61"]
[White "Gonzalvo Lara Victor"]
[Black "Garcia Lopez Alberto J"]
[Result "1/2-1/2"]
[WhiteElo "2108"]
[BlackElo "1971"]

1.e4 d6 2.d4 Nf6 3.Nc3 g6 4.f3 Bg7 5.Be3 c6 6.Qd2 O-O 7.O-O-O Nbd7 8.g4 e5 9.
h4 b5 10.dxe5 Nxe5 11.Qxd6 Qxd6 12.Rxd6 Be6 13.Be2 a5 14.Bd4 Nfd7 15.f4 Nxg4
16.Bxg7 Kxg7 17.Bxg4 Bxg4 18.Rxc6 b4 19.Nd5 Rac8 20.Rxc8 Rxc8 21.Nh3 Nc5 22.
Nf2 Bf3 23.Re1 b3 24.axb3 Nxb3+ 25.Kb1 Nd2+ 26.Kc1 Nb3+ 27.Kb1 Nd2+ 28.Kc1
1/2-1/2

[Event "Campeonato de Aragon por Equipos 2009"]
[Site "Aragon"]
[Date "2009.03.07"]
[Round "6.62"]
[White "Lucea Valero Alejandro"]
[Black "Jaques Burguete Raul"]
[Result "1-0"]
[WhiteElo "1968"]
[BlackElo "2100"]

1.Nf3 Nc6 2.c4 e5 3.d3 d5 4.cxd5 Qxd5 5.Nc3 Bb4 6.Bd2 Bxc3 7.bxc3 Bg4 8.Qa4 f5
9.Rb1 O-O-O 10.c4 Qd6 11.Qb5 b6 12.g3 e4 13.Bf4 Qf6 14.Ne5 Nge7 15.Bg2 Bxe2
16.Qa6+ Kb8 17.Nxc6+ Nxc6 18.Kxe2 Qc3 19.Rxb6+ axb6 20.Qxb6+ Ka8 21.Qxc6+ Ka7
22.Qxc7+ Ka6 23.Qc6+ Ka7 24.Be3+ 1-0

[Event "Campeonato de Aragon por Equipos 2009"]
[Site "Aragon"]
[Date "2009.03.07"]
[Round "6.63"]
[White "Alvarez Gonzalo Miguel Angel"]
[Black "Minguez Guinda Andres"]
[Result "1/2-1/2"]
[WhiteElo "1917"]
[BlackElo "1942"]

1.c4 c5 2.g3 Nc6 3.Bg2 Nf6 4.Nc3 e6 5.Nf3 Be7 6.d4 cxd4 7.Nxd4 O-O 8.O-O a6 9.
e4 e5 10.Nf5 d6 11.Nxe7+ Nxe7 12.Bg5 Ne8 13.Nd5 f6 14.Be3 Be6 15.c5 Bxd5 16.
exd5 Nf5 17.c6 Nxe3 18.fxe3 Qb6 19.Qd3 g6 20.g4 Rf7 21.Kh1 Kh8 22.Rf3 Ng7 23.
Rh3 f5 24.Rh6 e4 25.Qc3 bxc6 26.gxf5 gxf5 27.Rxd6 Rd8 28.Rxc6 Qb7 29.Bf1 Kg8
30.Bxa6 Qe7 31.Bc4 Rd6 32.Rc8+ Rf8 33.Rxf8+ Kxf8 34.Rg1 f4 35.exf4 e3 36.Qxg7+
Qxg7 37.Rxg7 Kxg7 38.Kg2 e2 39.Kf2 Rh6 40.Bxe2 Rxh2+ 41.Ke3 Kf6 42.a4 Ke7 43.
b3 Rh3+ 44.Bf3 h5 45.Ke4 Rg3 46.Bxh5 Rxb3 47.Bd1 Rb1 48.Bc2 Rb2 49.Kd3 Rb4 50.
f5 Kd6 51.Kc3 Ke5 52.a5 Kxd5 53.Bd3 Kc5 54.a6 1/2-1/2

[Event "Campeonato de Aragon por Equipos 2009"]
[Site "Aragon"]
[Date "2009.03.07"]
[Round "6.64"]
[White "Buil Montanes Carlos"]
[Black "Lafarga Bueno Daniel"]
[Result "1/2-1/2"]
[WhiteElo "1898"]
[BlackElo "1818"]

1.c4 Nf6 2.Nc3 e6 3.Nf3 Be7 4.g3 d5 5.d4 O-O 6.Bg2 dxc4 7.Qa4 c6 8.Qxc4 b5 9.
Qb3 Bb7 10.O-O a5 11.Rd1 a4 12.Qc2 Qb6 13.Bg5 h6 14.Bxf6 Bxf6 15.Ne4 Nd7 16.
Nxf6+ Nxf6 17.Ne5 Rac8 18.Qc5 Qxc5 19.dxc5 Nd5 20.e4 Nf6 21.Nd7 Rfd8 22.Nxf6+
gxf6 23.Kf1 Kf8 24.Ke1 Ke7 25.Rxd8 Rxd8 26.Rd1 e5 27.Rxd8 Kxd8 28.Bh3 Bc8 29.
Bxc8 Kxc8 30.Kd2 Kb7 31.Ke3 Ka6 32.Kf3 b4 33.Kg4 Kb5 34.Kh5 Kc4 35.Kxh6 b3 36.
a3 Kd3 37.Kg7 Kc2 38.h4 Kxb2 39.h5 Kxa3 40.h6 b2 41.h7 b1=Q 42.h8=Q Qxe4 43.
Kxf7 Kb2 44.f4 a3 45.Qxf6 a2 46.fxe5 Qd5+ 47.e6+ Kb1 48.Qf1+ 1/2-1/2

[Event "Campeonato de Aragon por Equipos 2009"]
[Site "Aragon"]
[Date "2009.03.14"]
[Round "7.1"]
[White "Adla Diego"]
[Black "Baron Rodriguez Jesus"]
[Result "1/2-1/2"]
[WhiteElo "2508"]
[BlackElo "2422"]

1.c4 e6 2.Nf3 d5 3.d4 dxc4 4.e3 c5 5.Bxc4 a6 6.O-O Nf6 7.dxc5 Qxd1 8.Rxd1 Bxc5
9.b3 Nbd7 10.Bb2 b5 11.Be2 Bb7 12.a4 bxa4 13.Rxa4 Ke7 14.Nbd2 Nb6 15.Rh4 a5
16.Ne5 Rhd8 17.Nd3 Ba6 18.Bxf6+ gxf6 19.Ne4 Bxd3 20.Rxd3 Bb4 21.Rxd8 Rxd8 22.
Rxh7 f5 23.Ng5 Rd2 24.Bh5 Rb2 25.h4 Be1 26.Bxf7 Bxf2+ 27.Kh2 Bxe3 28.Bxe6+ Kd6
29.Bg8 Nd5 30.Bxd5 Kxd5 31.Rd7+ Ke5 32.Rb7 Bxg5 33.hxg5 f4 34.Rb5+ Ke6 35.Kh3
Kf7 36.Kg4 Rxg2+ 37.Kxf4 Ra2 38.Kf5 Rf2+ 39.Ke4 Ra2 40.Kd4 a4 41.b4 Ke6 42.Ra5
Kd7 43.g6 Rg2 44.g7 Kc6 45.Ra7 Kb5 46.Rb7+ Kc6 1/2-1/2

[Event "Campeonato de Aragon por Equipos 2009"]
[Site "Aragon"]
[Date "2009.03.14"]
[Round "7.2"]
[White "Forcen Esteban Daniel"]
[Black "Moreno Gracia Daniel"]
[Result "1-0"]
[WhiteElo "2169"]
[BlackElo "2212"]

1.e4 c5 2.Nc3 e6 3.Nf3 a6 4.d4 cxd4 5.Nxd4 Qc7 6.Be2 Nc6 7.O-O b5 8.Be3 Nf6 9.
f4 b4 10.Na4 Nxe4 11.Bf3 d5 12.f5 Nxd4 13.Qxd4 Bd6 14.Bxe4 Bxh2+ 15.Kh1 Be5
16.Qxb4 dxe4 17.fxe6 Bxe6 18.Nb6 Rd8 19.Qa4+ Bd7 20.Nxd7 Rxd7 21.Rad1 Qd8 22.
Rxf7 Qh4+ 23.Kg1 Kxf7 24.Qxd7+ Kg6 25.Qe6+ Bf6 26.Bf2 Qf4 27.Re1 Rd8 28.Rxe4
Rd1+ 29.Be1 Qd2 30.Rg4+ Kh6 31.Rh4+ Kg6 32.Qe8+ Kf5 33.Qe4+ 1-0

[Event "Campeonato de Aragon por Equipos 2009"]
[Site "Aragon"]
[Date "2009.03.14"]
[Round "7.3"]
[White "Quintin Navarro Alberto"]
[Black "Antolin Concha Diego"]
[Result "0-1"]
[WhiteElo "2098"]
[BlackElo "2122"]

1.d4 Nf6 2.c4 e6 3.g3 d5 4.Nf3 dxc4 5.Bg2 a6 6.O-O Nc6 7.Nc3 Rb8 8.Bf4 Be7 9.
Qc2 O-O 10.Rfd1 b5 11.Ne5 Nb4 12.Qb1 Bb7 13.Bxb7 Rxb7 14.e4 Nd7 15.Nf3 Nd3 16.
Be3 c5 17.dxc5 Bxc5 18.Bxc5 N7xc5 19.b4 Qf6 20.Kg2 Qxc3 21.bxc5 Nxc5 22.a4 Qb3
23.axb5 Qxb1 24.Rdxb1 axb5 25.Nd4 b4 26.Nc6 b3 27.Ra5 Nxe4 28.Rd1 b2 29.Rd8
Rxd8 0-1

[Event "Campeonato de Aragon por Equipos 2009"]
[Site "Aragon"]
[Date "2009.03.14"]
[Round "7.4"]
[White "Castillo Sanjuan Alejandro"]
[Black "Labena Bernal Antonio"]
[Result "0-1"]
[WhiteElo "1999"]
[BlackElo "2002"]

1.d4 Nf6 2.c4 e6 3.Nc3 d5 4.Bg5 Be7 5.Nf3 h6 6.Bh4 O-O 7.e3 b6 8.Rc1 Bb7 9.a3
a6 10.cxd5 Nxd5 11.Bxe7 Qxe7 12.Bd3 Rc8 13.Bb1 Nd7 14.O-O N7f6 15.Na4 Nd7 16.
Qd3 N5f6 17.Nc3 c5 18.Rfd1 Re8 19.Qe2 e5 20.dxc5 Nxc5 21.b4 Bxf3 22.Qxf3 e4
23.Qf4 Nd3 24.Bxd3 exd3 {Ilegible} 0-1

[Event "Campeonato de Aragon por Equipos 2009"]
[Site "Aragon"]
[Date "2009.03.14"]
[Round "7.5"]
[White "Salamero Pelay Fernando"]
[Black "Garza Marco Sergio"]
[Result "1-0"]
[WhiteElo "2167"]
[BlackElo "2386"]

1.d4 Nf6 2.c4 e6 3.Nf3 Bb4+ 4.Nbd2 b6 5.e3 Bb7 6.Bd3 O-O 7.O-O d5 8.b3 c5 9.
Bb2 cxd4 10.exd4 Nc6 11.Rc1 Rc8 12.Qe2 Qe7 13.Ne5 Ba3 14.Ndf3 Bxb2 15.Qxb2
dxc4 16.bxc4 Rfd8 17.Rfd1 Nxe5 18.Nxe5 Nd7 19.f4 Rc7 20.Qe2 Nxe5 21.Qxe5 Rcd7
22.Rc2 g6 23.Be2 Bc6 24.Rd3 Qb4 25.Rcc3 Qb1+ 26.Kf2 Qxa2 27.Rh3 Qa5 28.d5 Qc5+
29.Kf1 exd5 30.Rxh7 f6 31.Qxf6 Rxh7 32.Qxd8+ Qf8 33.Qg5 d4 34.Qxg6+ Kh8 35.Rg3
Be8 36.Qe4 Rh6 37.Bd3 Bc6 38.Qe5+ Qf6 39.Qb8+ 1-0

[Event "Campeonato de Aragon por Equipos 2009"]
[Site "Aragon"]
[Date "2009.03.14"]
[Round "7.6"]
[White "Neila Castillo Miguel Angel"]
[Black "Gella Bitrian Diego"]
[Result "1-0"]
[WhiteElo "2092"]
[BlackElo "1864"]

1.Nf3 Nf6 2.g3 d5 3.Bg2 c6 4.O-O Bf5 5.d3 e6 6.Nh4 Bg4 7.h3 Bh5 8.Qe1 Be7 9.e4
O-O 10.f4 Nfd7 11.Nf3 Bg6 12.g4 h6 13.f5 Bh7 14.Nc3 a5 15.Be3 a4 16.a3 Nf6 17.
g5 hxg5 18.fxe6 dxe4 19.exf7+ Kh8 20.Nxg5 Ng4 21.Qh4 Bxg5 22.Bxg5 Qd4+ 23.Kh1
Nf6 24.Rxf6 1-0

[Event "Campeonato de Aragon por Equipos 2009"]
[Site "Aragon"]
[Date "2009.03.14"]
[Round "7.7"]
[White "Biarge Carnicer Arturo"]
[Black "Roche Simon Miguel Angel"]
[Result "1/2-1/2"]
[WhiteElo "1858"]
[BlackElo "2062"]

1.e4 c5 2.Nf3 Nc6 3.d4 cxd4 4.Nxd4 Nf6 5.Nc3 e6 6.Ndb5 Bb4 7.a3 Bxc3+ 8.Nxc3
d5 9.Bd3 dxe4 10.Nxe4 Nxe4 11.Bxe4 Qxd1+ 12.Kxd1 Bd7 13.Be3 f5 14.Bf3 e5 15.c3
O-O-O 16.Kc2 f4 17.Bd2 Bf5+ 18.Kc1 Na5 19.Bd1 Nc4 20.Be1 Rxd1+ 21.Kxd1 Nxb2+
22.Kc1 Nc4 23.Bd2 Rd8 24.Ra2 Rd6 25.Re1 g5 26.f3 Kd7 27.a4 a5 28.Re2 Bd3 29.
Rf2 Rb6 30.Ra1 Ke6 31.Be1 Kf5 32.Rfa2 e4 33.fxe4+ Bxe4 34.Bf2 Rh6 35.Bg1 g4
36.Kd1 Re6 37.Bd4 h5 38.g3 f3 39.Rf2 h4 40.gxh4 Rh6 41.Ba7 Rh8 42.Ke1 b6 43.
Rd1 Ra8 44.Rd7 Ne5 45.Rfd2 Nxd7 46.Rxd7 Rc8 47.Bxb6 Rxc3 48.Rd2 Rc1+ 49.Kf2
Bc6 50.Bxa5 Bxa4 51.Bb6 Bb3 52.Kg3 Be6 53.Bf2 Rc6 54.Rd8 Kg6 55.Rf8 Rd6 56.Rh8
Rd5 57.Be3 Re5 58.Bf2 Rd5 59.Rb8 Re5 60.Rb6 Kf7 1/2-1/2

[Event "Campeonato de Aragon por Equipos 2009"]
[Site "Aragon"]
[Date "2009.03.14"]
[Round "7.8"]
[White "Palacin Algas Angel"]
[Black "Bellosta Lopez Pablo"]
[Result "0-1"]
[WhiteElo "1948"]
[BlackElo "1835"]

1.e4 c5 2.Nc3 d6 3.g3 g6 4.Bg2 Bg7 5.d3 Nc6 6.f4 Nf6 7.h3 O-O 8.Nf3 Rb8 9.O-O
b5 10.a3 a5 11.Be3 b4 12.axb4 axb4 13.Ne2 e6 14.Rc1 Nd7 15.b3 Ra8 16.g4 Ra2
17.Qe1 Ba6 18.f5 Nce5 19.Ng5 Qe7 20.fxe6 fxe6 21.Rxf8+ Nxf8 22.Nf3 Nfd7 23.d4
Nxf3+ 24.Bxf3 Bxe2 25.Bxe2 cxd4 26.Bd2 Nc5 27.Bxb4 Bh6 28.Bd2 Bxd2 29.Qxd2
Nxb3 30.Qf4 Nxc1 31.Qxc1 Qa7 0-1

[Event "Campeonato de Aragon por Equipos 2009"]
[Site "Aragon"]
[Date "2009.03.14"]
[Round "7.9"]
[White "Llorente Zaro Alfonso"]
[Black "Colas Longares Rafael P"]
[Result "1/2-1/2"]
[WhiteElo "2403"]
[BlackElo "2330"]

1.d4 e6 2.c4 c5 3.Nf3 Nf6 4.Nc3 cxd4 5.Nxd4 Nc6 6.a3 a6 7.e4 d5 8.cxd5 exd5 9.
exd5 Nxd5 10.Nxc6 bxc6 11.Qc2 Be7 12.Bd3 Nxc3 13.Qxc3 O-O 14.O-O Be6 15.Qc2 h6
16.Bd2 Bd5 17.Rac1 a5 1/2-1/2

[Event "Campeonato de Aragon por Equipos 2009"]
[Site "Aragon"]
[Date "2009.03.14"]
[Round "7.11"]
[White "Remiro Juste Fernando Jose"]
[Black "Garcia Vicente Nieves"]
[Result "1/2-1/2"]
[WhiteElo "2314"]
[BlackElo "2228"]

1.b3 d5 2.Bb2 Bg4 3.g3 e6 4.Bg2 Nf6 5.Nf3 Nbd7 6.c4 Be7 7.O-O O-O 8.d3 c6 9.
Nbd2 h6 10.a3 a5 11.Qc2 Bh5 12.cxd5 exd5 13.Bc3 Re8 14.Qb2 Bd6 1/2-1/2

[Event "Campeonato de Aragon por Equipos 2009"]
[Site "Aragon"]
[Date "2009.03.14"]
[Round "7.12"]
[White "Cabrera Moreno Daniel"]
[Black "Valiente Gimenez Jose Luis"]
[Result "1/2-1/2"]
[WhiteElo "2207"]
[BlackElo "2117"]

1.d4 d5 2.c4 c6 3.Qc2 Nf6 4.Nf3 dxc4 5.Qxc4 Bf5 6.g3 e6 7.Bg2 Be7 8.O-O O-O 9.
Nc3 Nbd7 10.Qb3 Qb6 11.Qxb6 axb6 12.Bf4 b5 13.a3 h6 14.Ne5 Nxe5 15.Bxe5 b4 16.
axb4 Bxb4 17.Bxf6 gxf6 18.e3 Bc2 19.Rfc1 Bb3 20.Bf3 f5 21.Kg2 Kg7 22.Bd1 Bxd1
23.Rxd1 b6 24.Kf3 Rfd8 25.Rdc1 c5 26.Na2 Bd2 27.Rc2 Bb4 28.Rcc1 Bd2 29.Rc2 Bb4
30.Rcc1 1/2-1/2

[Event "Campeonato de Aragon por Equipos 2009"]
[Site "Aragon"]
[Date "2009.03.14"]
[Round "7.13"]
[White "Chueca Forcen Alberto"]
[Black "Ruiz Diez Julio Cesar"]
[Result "1-0"]
[WhiteElo "2278"]
[BlackElo "2299"]

1.d4 Nf6 2.c4 c5 3.d5 b5 4.cxb5 a6 5.b6 Qxb6 6.Nc3 d6 7.e4 g6 8.Be2 Bg7 9.Nf3
O-O 10.Nd2 Nbd7 11.a4 Rb8 12.a5 Qc7 13.O-O Ne8 14.Re1 Qa7 15.Nc4 Nc7 16.Na4
Nb5 17.Bd2 Ne5 18.Ncb6 f5 19.f4 Nf7 20.Nxc8 Rbxc8 21.exf5 gxf5 22.Bxb5 axb5
23.Nb6 Bxb2 24.Nxc8 Rxc8 25.Rb1 Bd4+ 26.Kh1 Qb7 27.Qe2 Qxd5 28.Qxe7 b4 29.a6
Ra8 30.a7 Qa2 31.Rbd1 Qxa7 32.Qxa7 Rxa7 33.Bxb4 Bf6 34.Re8+ Kg7 35.Be1 Ra2 36.
Kg1 Bd4+ 37.Kf1 Ra4 38.Rc8 Bf6 39.g3 Ra2 40.Bf2 Rc2 41.Rc7 Kg6 42.h3 Ra2 43.g4
fxg4 44.hxg4 Ra3 45.Kg2 Ra4 46.Bg3 Ra2+ 47.Kh3 Ra3 48.g5 Nxg5+ 49.fxg5 Be5 50.
Rg1 Kxg5 51.Rxh7 Kf5 52.Kh2 Rxg3 53.Rxg3 c4 54.Rh4 d5 55.Kg2 Bxg3 56.Kxg3 Ke5
57.Kf3 c3 58.Ke3 1-0

[Event "Campeonato de Aragon por Equipos 2009"]
[Site "Aragon"]
[Date "2009.03.14"]
[Round "7.14"]
[White "Glaria Murillo Christian"]
[Black "Melendez Fierro Juan Bautista"]
[Result "1/2-1/2"]
[WhiteElo "2154"]
[BlackElo "2249"]

1.e4 e5 2.Nf3 Qe7 3.Nc3 c6 4.d4 d6 5.h3 Nf6 6.a4 h6 7.b3 Qc7 8.Bc4 Be7 9.O-O
O-O 10.Re1 Nbd7 11.Bb2 Re8 12.Bd3 Nf8 13.Ne2 Ng6 14.Ng3 Bf8 15.Qd2 Nf4 16.dxe5
Nxd3 17.Qxd3 dxe5 18.Rad1 Nd7 19.Qd2 Nc5 20.Qe2 b6 21.Qe3 f6 22.Rd2 Be6 23.
Red1 Rad8 24.Rxd8 Rxd8 25.Rxd8 Qxd8 26.Qd2 Qxd2 27.Nxd2 {blanco ofrece tablas}
27...Na6 28.Nb1 Nb4 29.Na3 a5 30.Kf1 Nxc2 31.Nxc2 Bxb3 32.Na3 Bxa4 33.Ke1 Bb4+
34.Ke2 b5 35.Nf5 h5 36.Ne3 c5 37.Nb1 c4 38.Bc3 Kf7 39.Kd2 Ke6 40.Nd5 Bc5 41.
Bxa5 Bxf2 42.Ndc3 g6 43.Nxa4 bxa4 44.Na3 c3+ 45.Bxc3 f5 46.Kd3 g5 47.Nc4 Bg3
48.Bb2 g4 49.exf5+ Kxf5 50.hxg4+ Kxg4 51.Ke4 Bf4 52.Nxe5+ Bxe5 53.Bxe5 h4 54.
Ke3 h3 55.gxh3+ Kxh3 1/2-1/2

[Event "Campeonato de Aragon por Equipos 2009"]
[Site "Aragon"]
[Date "2009.03.14"]
[Round "7.15"]
[White "Hernando Garcia Antonio"]
[Black "Jimenez Fernandez Alejandro"]
[Result "1-0"]
[WhiteElo "2202"]
[BlackElo "1984"]

1.c4 e5 2.g3 Nc6 3.Bg2 g6 4.Nc3 Bg7 5.Nf3 f5 6.d3 d6 7.Rb1 h6 8.O-O Nf6 9.b4
O-O 10.b5 Ne7 11.a4 Be6 12.Qb3 g5 13.Ba3 f4 14.Nd2 Rb8 15.Nce4 Nf5 16.Bb2 Ng4
17.h3 Nf6 18.Nxf6+ Qxf6 19.g4 Nh4 20.Bd5 Bxd5 21.cxd5 f3 22.exf3 Nxf3+ 23.Nxf3
Qxf3 24.Kh2 Qe2 25.Kg2 Qf3+ 26.Kh2 h5 27.Qd1 hxg4 28.Qxf3 Rxf3 29.hxg4 Rxd3
30.Rbd1 Rb3 31.Bc1 Bh6 32.Be3 a6 33.bxa6 bxa6 34.Rc1 R8b7 35.Rc6 a5 36.Ra6
R7b4 37.Rxa5 Rxg4 38.Ra8+ Kg7 39.Rc1 Rbb4 40.Rxc7+ Kg6 41.a5 Rb1 42.Rc1 Rxc1
43.Bxc1 Rd4 44.a6 Rxd5 45.a7 Kh5 46.Rc8 1-0

[Event "Campeonato de Aragon por Equipos 2009"]
[Site "Aragon"]
[Date "2009.03.14"]
[Round "7.16"]
[White "Garcia Monterde Francisco Jose"]
[Black "Palacios Latasa Elias"]
[Result "0-1"]
[WhiteElo "1929"]
[BlackElo "2192"]

1.c4 e5 2.g3 d5 3.cxd5 Qxd5 4.Nf3 Bb4 5.Bg2 e4 6.Ng1 Nf6 7.Qa4+ Qc6 8.Qxc6+
Nxc6 9.Nc3 Bf5 10.f3 exf3 11.Nxf3 O-O-O 12.O-O Rhe8 13.e3 Bd3 14.Re1 Ne4 15.
Bf1 Ne5 16.Nxe5 Rxe5 17.a3 Bxc3 18.dxc3 Bxf1 19.Rxf1 f6 20.c4 Nd2 21.Bxd2 Rxd2
22.Rf2 Rd3 23.Re1 Rexe3 24.Rxe3 Rxe3 25.Rc2 Kd7 26.Kf2 Re6 27.b4 f5 28.Kf3 Ke7
29.c5 Kf6 30.Rd2 g5 31.h3 Ra6 32.Rd3 h5 33.h4 gxh4 34.gxh4 Re6 35.Rd4 Re1 36.
Rd7 Re7 37.Rd4 Rg7 38.b5 Ke5 39.Rd8 c6 40.bxc6 bxc6 41.Rd6 f4 42.a4 Rg3+ 43.
Kf2 Ra3 44.Rxc6 Rxa4 45.Rh6 Ra2+ 46.Kf3 Ra3+ 47.Kf2 Rc3 48.Rxh5+ Ke4 49.Rh7
Rc2+ 50.Ke1 a5 51.Re7+ Kf3 52.h5 Rc1+ 53.Kd2 Rxc5 54.h6 Rh5 55.h7 Kg2 56.Rg7+
Kf2 57.Rg5 Rxh7 58.Rxa5 Rd7+ 59.Kc2 f3 60.Rf5 Ke2 61.Re5+ Kf1 62.Rf5 f2 63.Rf8
Rd5 64.Kc3 Rd1 65.Kc2 Ra1 66.Kd2 Kg2 0-1

[Event "Campeonato de Aragon por Equipos 2009"]
[Site "Aragon"]
[Date "2009.03.14"]
[Round "7.18"]
[White "Sig Vargas Marcos"]
[Black "Antoli Royo Joaquin Miguel"]
[Result "0-1"]
[WhiteElo "2117"]
[BlackElo "2323"]

1.e4 c5 2.Nc3 a6 3.Nf3 e6 4.d4 cxd4 5.Nxd4 Qc7 6.Be2 b5 7.Be3 Bb7 8.Bf3 Nc6 9.
O-O Nf6 10.Nxc6 Bxc6 11.Re1 Bd6 12.Bd4 Bxh2+ 13.Kh1 Be5 14.Nd5 Qd6 15.Bc3 Bxc3
16.Nxf6+ Ke7 17.Nd5+ Bxd5 18.bxc3 Bc6 19.Qd4 e5 20.Qe3 Rhc8 21.Rad1 Qe6 22.Rd3
Kf8 23.Red1 Qxa2 24.Bg4 Kg8 25.Qg5 h6 26.Qe3 a5 27.Bf5 Qxc2 28.Rd6 f6 29.R1d3
b4 30.Rxf6 Bb5 31.Rxh6 Qxd3 32.Qg5 Qf1+ 33.Kh2 Qxf2 34.Rh4 Rc6 35.Rg4 Rh6+ 36.
Qxh6 Qf4+ 37.Rxf4 gxh6 38.Rg4+ Kh8 39.cxb4 a4 0-1

[Event "Campeonato de Aragon por Equipos 2009"]
[Site "Aragon"]
[Date "2009.03.14"]
[Round "7.19"]
[White "Cortes Lizano Jesus"]
[Black "Escuer Sanchez Nestor"]
[Result "0-1"]
[WhiteElo "2231"]
[BlackElo "2089"]

1.c4 c5 2.Nf3 Nf6 3.Nc3 Nc6 4.e3 d5 5.cxd5 Nxd5 6.d4 Nxc3 7.bxc3 Qa5 8.Bd2 e6
9.Bd3 Be7 10.O-O O-O 11.Qe2 h6 12.Rfb1 Qc7 13.Rd1 Rd8 14.Rac1 b6 15.Bb1 Bf6
16.Qd3 g6 17.Qe2 Bb7 18.h4 h5 19.e4 cxd4 20.cxd4 Qe7 21.e5 Bxh4 22.d5 Rxd5 23.
Be4 Nd4 24.Qe3 Nxf3+ 25.Qxf3 Rxd2 26.Rxd2 Bg5 27.Rdd1 Bxc1 28.Bxb7 Rb8 29.Bc6
Qg5 30.Rd7 Qf4 31.Qc3 Rc8 32.Rd1 Bb2 33.Qxb2 Rxc6 34.Qa3 Kg7 35.g3 Qxe5 36.
Qxa7 Qe2 37.Rf1 h4 38.Qe7 Rc4 39.Qb7 Rg4 40.Qg2 e5 41.Rb1 e4 42.Kh2 e3 43.fxe3
Qxe3 0-1

[Event "Campeonato de Aragon por Equipos 2009"]
[Site "Aragon"]
[Date "2009.03.14"]
[Round "7.20"]
[White "Andreu Sin Raul"]
[Black "Maza Broto Pablo"]
[Result "0-1"]
[WhiteElo "2041"]
[BlackElo "1980"]

1.d4 Nf6 2.c4 e6 3.Nc3 Bb4 4.a3 Bxc3+ 5.bxc3 b6 6.Bg5 Bb7 7.e3 h6 8.Bh4 g5 9.
Bg3 d6 10.f3 Nbd7 11.Bd3 Qe7 12.Ne2 Nh5 13.e4 e5 14.Bc2 Rg8 15.Qd2 Qe6 16.Bb3
Qf6 17.O-O-O Nf4 18.Bxf4 gxf4 19.dxe5 Qxe5 20.Nxf4 Qa5 21.Kb2 O-O-O 22.Rhg1
Nc5 23.Nd5 Bxd5 24.cxd5 Qb5 25.Qc2 a5 26.c4 Qe8 27.Qc3 f5 28.exf5 Qh5 29.h3
Qxf5 30.Bc2 Qf4 31.Rde1 Rde8 32.Rxe8+ Rxe8 33.g3 Qf7 34.f4 Re2 35.Kb1 Qe7 36.
f5 Ne4 37.Qh8+ Kb7 38.Ba4 Nd2+ 39.Kc1 Nb3+ 40.Kd1 Qe3 0-1

[Event "Campeonato de Aragon por Equipos 2009"]
[Site "Aragon"]
[Date "2009.03.14"]
[Round "7.21"]
[White "Lafarga Santorroman David"]
[Black "Guzman Moneo Alberto"]
[Result "1-0"]
[WhiteElo "2261"]
[BlackElo "2231"]

1.Nf3 d5 2.d4 e6 3.c4 c6 4.Nbd2 f5 5.g3 Nf6 6.Bg2 Bd6 7.O-O O-O 8.b3 Nbd7 9.
Bb2 Qe8 10.Ne5 Qh5 11.e3 Qh6 12.Ndf3 Ne4 13.a4 Ndf6 14.Ba3 Bd7 15.Bxd6 Nxd6
16.Nd2 Be8 17.f4 g5 18.c5 Bh5 19.Qe1 Nf7 20.h3 Nxe5 21.dxe5 Nd7 22.b4 a5 23.
Nb3 axb4 24.Qxb4 Be2 25.Rf2 Ba6 26.Nd4 Rae8 27.Kh2 Rf7 28.Bf1 Nb8 29.Bxa6 Nxa6
30.Qb6 g4 31.h4 Qf8 32.Rc2 Nb8 33.a5 Nd7 34.Qb4 Kh8 35.a6 b6 36.Nxc6 bxc5 37.
Qb5 Ra8 38.a7 Qc8 39.Rb2 1-0

[Event "Campeonato de Aragon por Equipos 2009"]
[Site "Aragon"]
[Date "2009.03.14"]
[Round "7.22"]
[White "Navarro Alonso Jorge Luis"]
[Black "Valles Mata David"]
[Result "1-0"]
[WhiteElo "2176"]
[BlackElo "2147"]

1.e4 e6 2.Nc3 d5 3.d4 Bb4 4.e5 c5 5.Bd2 Ne7 6.f4 Nbc6 7.dxc5 Nf5 8.Nf3 Bxc5 9.
Bd3 a6 10.Qe2 Nb4 11.Bxf5 exf5 12.O-O-O Be6 13.Be3 Bxe3+ 14.Qxe3 Qa5 15.a3 Nc6
16.Kb1 Ne7 17.Ne2 O-O 18.Ned4 h6 19.g4 fxg4 20.Nh4 g6 21.f5 Bxf5 22.Nhxf5 gxf5
23.Qxh6 Qc7 24.Qg5+ Ng6 25.Nxf5 Qxe5 26.Rxd5 Qe6 27.Rd6 Qe5 28.Rxg6+ 1-0

[Event "Campeonato de Aragon por Equipos 2009"]
[Site "Aragon"]
[Date "2009.03.14"]
[Round "7.23"]
[White "Alsina Franco Sergi"]
[Black "Cerrajeria Ruiz Jesus Maria"]
[Result "0-1"]
[WhiteElo "2112"]
[BlackElo "2079"]

1.e4 c5 2.c3 Nf6 3.e5 Nd5 4.d4 Nc6 5.Nf3 g6 6.Be2 Bg7 7.O-O O-O 8.Na3 cxd4 9.
cxd4 a6 10.Nc4 b5 11.Ne3 Nf4 12.Ng4 Nxe2+ 13.Qxe2 d6 14.h3 dxe5 15.dxe5 Nd4
16.Nxd4 Qxd4 17.Re1 h5 18.Nh2 Rd8 19.Bg5 Qa7 20.Rad1 Be6 21.b3 Kf8 22.Nf3 Rd5
23.Rd2 Rad8 24.Red1 Ke8 25.Bh4 Qc5 26.Bg5 R8d7 27.Be3 Rxd2 28.Bxd2 Qc2 29.Qe1
Rd5 30.Rc1 Qxa2 31.Ra1 Qxb3 32.Rxa6 Bxh3 33.Qc1 Rd8 34.Nd4 Qd5 0-1